| Tag |
First Indicator |
Second Indicator |
Subfields |
| LEADER |
00000cam a2200000 a 4500 |
| 001 |
in00002055310 |
| 005 |
20151101180531.0 |
| 008 |
050509s2006 njua b 001 0 eng d |
| 020 |
|
|
|a 0471716995
|
| 035 |
|
|
|a (OCoLC)ocm60329340
|
| 040 |
|
|
|a TEF
|c TEF
|d UtOrBLW
|
| 049 |
|
|
|a TXAM
|
| 050 |
|
0 |
|a BF698
|b .M348 2006
|
| 082 |
0 |
|
|a 155.2
|2 22
|
| 100 |
1 |
|
|a McAdams, Dan P.
|
| 245 |
1 |
4 |
|a The person :
|b a new introduction to personality psychology /
|c Dan P. McAdams.
|
| 250 |
|
|
|a 4th ed.
|
| 264 |
|
1 |
|a Hoboken, N.J. :
|b John Wiley & Sons,
|c [2006]
|
| 264 |
|
4 |
|c ©2006
|
| 300 |
|
|
|a xx, 604 pages :
|b illustrations ;
|c 24 cm.
|
| 336 |
|
|
|a text
|b txt
|2 rdacontent
|
| 337 |
|
|
|a unmediated
|b n
|2 rdamedia
|
| 338 |
|
|
|a volume
|b nc
|2 rdacarrier
|
| 504 |
|
|
|a Includes bibliographical references (pages 533-578) and indexes.
|
| 650 |
|
0 |
|a Personality.
|
| 945 |
|
|
|i PromptCat
|
| 947 |
|
|
|a A14831574665
|
| 948 |
|
|
|a cataloged
|b h
|c 2005/6/13
|d c
|e dmitchel
|f 1:22:44 pm
|
| 994 |
|
|
|a 92
|b TXA
|
| 999 |
|
|
|a MARS
|
| 999 |
f |
f |
|s abb18f76-31a7-31af-a1cb-c4ae5cd5c921
|i 0ca9f062-f0a7-3adf-a442-1ca9391b2f4c
|t 0
|
| 952 |
f |
f |
|p normal
|a Texas A&M University
|b College Station
|c Sterling C. Evans Library
|d Evans: Library Stacks
|t 0
|e BF698 .M348 2006
|h Library of Congress classification
|i unmediated -- volume
|m A14831574665
|
| 998 |
f |
f |
|a BF698 .M348 2006
|t 0
|l Evans: Library Stacks
|